| 000 | 00000nam##2200000za#4500 |
| 001 | 9.697222 |
| 003 | CaOODSP |
| 005 | 20220125145842 |
| 007 | cr ||||||||||| |
| 008 | 150407|2013||||xxc|||||o f|0| 0 eng|d |
| 040 | |aCaOODSP|beng |
| 043 | |an-cn--- |
| 086 | 1 |aD61-29/1924E-PDF |
| 110 | 1 |aCanada. |bDepartment of National Defence. |
| 245 | 14|aThe C.A.M.C with the Canadian corps during the last hundred days of the Great War / |h[electronic resource]|cby A.E. Snell. |
| 260 | |aOttawa - Ontario : |bNational Defence |c1924. |
| 300 | |a259p.|bfigs., graphs, organization chart, tables |
| 500 | |a"Based on material and maps supplied by the historical section of the general staff" |
| 590 | |a13-03-Supp|b2013-02-11 |
| 690 | 07|aMilitary history|2gcpds |
| 690 | 07|aWorld war, 1914-1918|2gcpds |
| 856 | 40|ahttp://publications.gc.ca|qPDF|s2.72 MB|uhttps://publications.gc.ca/collections/collection_2013/dn-nd/D61-29-1924-eng.pdf |